Statistiques concernant Partis politiques de coalitions aux second tour des législatives 2022

Cliquez ici pour prendre le quiz!

Statistiques générales

  • Ce quiz a été pris 64 fois
    (45 depuis la dernière actualisation)
  • Le résultat moyen est 11 sur 30

Statistiques - réponses

Nombre de seconds toursPartis PolitiquesCoalition% Correct
220La France InsoumiseNUPES
95%
269La République en marche / RenaissanceEnsemble
95%
73Les RépublicainsUDC
95%
57Parti SocialisteNUPES
93%
31Parti communiste françaisNUPES
90%
62Europe Écologie Les VertsNUPES
88%
75Mouvement DémocrateEnsemble
80%
42HorizonsEnsemble
78%
7Union des démocrates indépendantsUDC
55%
11AgirEnsemble
48%
1Archipel demainUDC
45%
1Calédonie EnsembleEnsemble
43%
8Parti RadicalEnsemble
40%
1Union calédonienneFLNKS
38%
4Génération ÉcologieNUPES
35%
10Génération.sNUPES
33%
1Parti Ouvrier IndépendantNUPES
23%
1Les CentristesUDC
18%
2Péyi-ANUPES
10%
3Pour la RéunionNUPES
10%
3Femu a CorsicaR&PS
8%
1Mouvement de décolonisation et d'émancipation socialeNUPES
5%
1Parti national CorseR&PS
5%
3Tavini huira'atiraNUPES
5%
1Guadeloupe unie, solidaire et responsableEnsemble
3%
1Les Nouveaux DémocratesNUPES
3%
1Générations NCEnsemble
0%
1Parti de libération kanakFLNKS
0%
1Pou Lagwiyann DékoléNUPES
0%
3Tapura huiraatiraEnsemble
0%

Distribution des résultats

Percentile par nombre de réponses

% des personnes avec chaque résultat

Votre développement - résultats

Vous n’avez pas pris ce quiz depuis la dernière actualisation